Good practices for the meat industry

Saved in:
Bibliographic Details
Format: Book
Language:Undetermined
Published: Rome Food and Agriculture Organization Of The United Nations Foudation Internationale Carrefour 2004
Subjects:
Tags: Add Tag
No Tags, Be the first to tag this record!
Institutions: Trung tâm Học liệu Trường Đại học Cần Thơ
LEADER 00520nam a2200169Ia 4500
001 CTU_76188
008 210402s9999 xx 000 0 und d
082 |a 664.9 
082 |b G646 
245 0 |a Good practices for the meat industry 
245 0 |c FAO 
260 |a Rome 
260 |b Food and Agriculture Organization Of The United Nations Foudation Internationale Carrefour 
260 |c 2004 
650 |a Meat industry and trade 
904 |i Mai Loan,Hải 
980 |a Trung tâm Học liệu Trường Đại học Cần Thơ